000 00409 a2200145 4500
005 20250626103001.0
020 _a978-1-910523-12-4
082 _a001.6 HEA
100 _aHEATHCORE, P .M .
245 _aWord Beyond the Basics
260 _aGlasgow,
_bP. M Heathcore,
_c2018.
300 _avi, 90p.: ill.;
_bindex,
_c25cm.
856 _yAccess Online Book
_fComputer
_dhttps://poppycyster.com
942 _2ddc
_cBKS
999 _c5284
_d5284